Driest European Capital Cities - Statistics

General Stats
  • This quiz has been taken 138 times
  • The average score is 6 of 10
Answer Stats
mm Capital % Correct
421 Madrid
96%
414 Athens
91%
532 Budapest
58%
529 Warsaw
57%
548 Vienna
56%
526 Prague
51%
483 Skopje
49%
542 Chișinău
41%
531 Stockholm
33%
523 Copenhagen
31%
No matching quizzes found
Score Distribution
Percent of People with Each Score
Percentile by Number Answered
Your Score History
You have not taken this quiz